Report of the Indian Education Commission (Record no. 489486)

000 -LEADER
fixed length control field 00383cam a22001337a 4500
008 - FIXED-LENGTH DATA ELEMENTS--GENERAL INFORMATION
fixed length control field 180718b1883 xxu||||| |||| 00| 0 eng d
082 ## - DEWEY DECIMAL CLASSIFICATION NUMBER
Classification number Px54 In2i
100 ## - MAIN ENTRY--PERSONAL NAME
Personal name India. Education Commission
245 ## - TITLE STATEMENT
Title Report of the Indian Education Commission
260 ## - PUBLICATION, DISTRIBUTION, ETC.
Place of publication, distribution, etc. Calcutta
Name of publisher, distributor, etc. The author
Date of publication, distribution, etc. 1883
300 ## - PHYSICAL DESCRIPTION
Extent 639+p.
500 ## - GENERAL NOTE
General note President: W.W. Hunter
700 ## - ADDED ENTRY--PERSONAL NAME
Personal name Hunter, W.W. (President)
Holdings
Withdrawn status Lost status Damaged status Not for loan Permanent Location Current Location Date acquired Full call number Barcode Date last seen Price effective from Koha item type
        Indian Institute of Public Administration Indian Institute of Public Administration 2018-08-04 Px54 In2i G1602 2018-08-04 2018-08-04 G

Powered by Koha